Library Banner

Muslim duniya(1990)/ (Record no. 99567)

MARC details
000 -LEADER
fixed length control field 00451nam a22001457a 4500
005 - DATE AND TIME OF LATEST TRANSACTION
control field 20171026133232.0
008 - FIXED-LENGTH DATA ELEMENTS--GENERAL INFORMATION
fixed length control field 171026b xxu||||| |||| 00| 0 eng d
040 ## - CATALOGING SOURCE
Transcribing agency PK-LaUMT
082 ## - DEWEY DECIMAL CLASSIFICATION NUMBER
Classification number PKAC 297.0917671
Item number FAI-M
100 ## - MAIN ENTRY--PERSONAL NAME
Personal name Faiz Ahmed Shahabi
245 ## - TITLE STATEMENT
Title Muslim duniya(1990)/
Remainder of title taza tareen maloomat aur halat ka muraqa/
Statement of responsibility, etc Faiz Ahmed Shahabi
260 ## - PUBLICATION, DISTRIBUTION, ETC. (IMPRINT)
Place of publication, distribution, etc لاہور:
Name of publisher, distributor, etc ادارہ معارف اسلامی،
Date of publication, distribution, etc 1990
300 ## - PHYSICAL DESCRIPTION
Extent 389 ص
942 ## - ADDED ENTRY ELEMENTS (KOHA)
Koha item type Books
Holdings
Withdrawn status Lost status Damaged status Home library Current library Date acquired Full call number Barcode Date last seen Price effective from Koha item type
      UMT Main Campus UMT Main Campus 2017-10-26 PKAC 297.0917671 FAI-M 115397 2017-10-26 2017-10-26 Books